[Event "56th World U20 ch"]
[Site "Tarvisio ITA"]
[Date "2017.11.19"]
[Round "6.13"]
[White "Tran Tuan Minh"]
[Black "Tutisani, Noe"]
[Result "1-0"]
[WhiteElo "2538"]
[BlackElo "2361"]
[EventDate "2017.11.13"]
[PlyCount "97"]

1.d4 Nf6 2.c4 c5 3.d5 e6 4.Nc3 exd5 5.cxd5 d6 6.e4 g6 7.f4 Bg7 8.Bb5+ Nfd7
9.Nf3 O-O 10.O-O a6 11.Bd3 b5 12.Kh1 c4 13.Bc2 Nc5 14.Be3 Nbd7 15.Bd4 Re8 
16.Bxg7 Kxg7 17.Qd4+ f6 18.b4 cxb3 19.axb3 b4 20.Qxb4 a5 21.Qa3 Ba6 22.
Rfd1 Bb7 23.Nd2 Nb6 24.b4 axb4 25.Qxb4 Ba6 26.Nf3 Rb8 27.Qd4 Nbd7 28.Ra2 
Qc7 29.Rda1 Rec8 30.h3 Rb7 31.Kh2 Bd3 32.Rc1 Bxc2 33.Rcxc2 Qb8 34.Qe3 Re8 
35.Nd4 Ra7 36.Nc6 Rxa2 37.Nxb8 Rxc2 38.Nxd7 Nxd7 39.Qa7 Re7 40.Nb5 f5 41.
e5 dxe5 42.fxe5 Rd2 43.d6 Rxe5 44.Qxd7+ Kh6 45.Qc6 Red5 46.Qe8 f4 47.Qf8+ 
Kg5 48.Nc3 Re5 49.Qe7+ 1-0

[Event "56th World U20 ch"]
[Site "Tarvisio ITA"]
[Date "2017.11.19"]
[Round "6.14"]
[White "Van Foreest, Lucas"]
[Black "Bellahcene, Bilel"]
[Result "0-1"]
[WhiteElo "2474"]
[BlackElo "2510"]
[EventDate "2017.11.13"]
[PlyCount "84"]

1.e4 c5 2.Nf3 d6 3.d4 cxd4 4.Nxd4 Nf6 5.Nc3 a6 6.Be3 Ng4 7.Bc1 Nf6 8.Be3 
Ng4 9.Bg5 h6 10.Bc1 Nf6 11.Be3 Ng4 12.Bc4 g6 13.Bc1 Bg7 14.Ne6 Bxe6 15.
Bxe6 Nf6 16.Bb3 Nbd7 17.Be3 Rc8 18.Qd2 h5 19.f3 O-O 20.O-O-O b5 21.Kb1 Ne5
22.Bh6 Qb6 23.Bg5 Nc4 24.Bxc4 bxc4 25.Be3 Qb7 26.Bd4 Rb8 27.Ne2 Rfc8 28.c3
a5 29.Ka1 a4 30.a3 Nd7 31.Rb1 Nc5 32.Bxc5 Rxc5 33.Nd4 d5 34.Qe3 Bxd4 35.
cxd4 Rb5 36.Qc1 Rb3 37.Re1 Qa7 38.Qc2 c3 39.Red1 Qa6 40.Qf2 cxb2+ 41.Ka2 
Qc4 42.Qf1 Rd3# 0-1

[Event "56th World U20 ch"]
[Site "Tarvisio ITA"]
[Date "2017.11.19"]
[Round "6.15"]
[White "Livaic, Leon"]
[Black "Gholami, Aryan"]
[Result "0-1"]
[WhiteElo "2470"]
[BlackElo "2483"]
[EventDate "2017.11.13"]
[PlyCount "72"]

1.d4 Nf6 2.c4 g6 3.Nc3 d5 4.Nf3 Bg7 5.cxd5 Nxd5 6.e4 Nxc3 7.bxc3 O-O 8.Be3
c5 9.Be2 b6 10.Rc1 Qc7 11.O-O Nd7 12.d5 Nf6 13.Nd2 c4 14.Bd4 e5 15.dxe6 
Bxe6 16.f4 b5 17.Qe1 Rad8 18.Qh4 Rxd4 19.cxd4 Qb6 20.Kh1 Qxd4 21.Rcd1 c3 
22.Nf3 Qxe4 23.Bxb5 Qb4 24.Bd3 Bxa2 25.Qf2 Bb3 26.Rb1 a5 27.Qd4 Nd5 28.
Qxb4 Nxb4 29.Rxb3 Nxd3 30.Ne5 Bxe5 31.fxe5 Rc8 32.Kg1 Nb4 33.Rc1 c2 34.Ra3
Rd8 35.Raa1 Rd5 36.Kf1 Rd2 0-1

[Event "56th World U20 ch"]
[Site "Tarvisio ITA"]
[Date "2017.11.19"]
[Round "6.16"]
[White "Bilguun, Sumiya"]
[Black "Gagare, Shardul"]
[Result "0-1"]
[WhiteElo "2460"]
[BlackElo "2482"]
[EventDate "2017.11.13"]
[PlyCount "56"]

1.e4 e5 2.Nf3 Nc6 3.Bb5 a6 4.Ba4 Nf6 5.O-O Be7 6.Re1 b5 7.Bb3 d6 8.c3 O-O 
9.h3 Nb8 10.d4 Nbd7 11.Nbd2 Bb7 12.Bc2 Re8 13.a3 Bf8 14.b4 g6 15.Bb2 Bg7 
16.c4 exd4 17.cxb5 axb5 18.Nxd4 Nh5 19.Bc3 Nf4 20.Qg4 Be5 21.Nxb5 Qf6 22.
Bxe5 Rxe5 23.Nf3 Rxb5 24.Qxd7 Rh5 25.h4 Ne2+ 26.Rxe2 Qxa1+ 27.Kh2 Rxa3 28.
Re1 Qf6 0-1

[Event "56th World U20 ch"]
[Site "Tarvisio ITA"]
[Date "2017.11.19"]
[Round "6.17"]
[White "Bersamina, Paulo"]
[Black "Salomon, Johan"]
[Result "1/2-1/2"]
[WhiteElo "2404"]
[BlackElo "2476"]
[EventDate "2017.11.13"]
[PlyCount "112"]

1.Nf3 c5 2.b3 d6 3.e3 e5 4.Bb2 f5 5.Bb5+ Bd7 6.Bxd7+ Nxd7 7.O-O Be7 8.d4 
cxd4 9.exd4 e4 10.Ne1 Ngf6 11.d5 O-O 12.c4 Ng4 13.Nc3 Bf6 14.h3 Nge5 15.
Na4 a6 16.Qe2 Ng6 17.f4 b5 18.cxb5 Bxb2 19.Nxb2 Qb6+ 20.Kh2 axb5 21.Nc2 
Rac8 22.Rad1 Nf6 23.Ne3 Ne7 24.Qd2 Rc7 25.a4 bxa4 26.bxa4 Rb8 27.Nbc4 Qa6 
28.Rb1 Rxb1 29.Rxb1 Rxc4 30.Nxc4 Qxc4 31.Qb4 Qxb4 32.Rxb4 Nfxd5 33.Rb7 Nc6
34.Kg3 Nde7 35.a5 d5 36.Rc7 Kf7 37.a6 Ke6 38.a7 Nxa7 39.Rxa7 d4 40.Ra6+ 
Kd5 41.Kf2 Nc6 42.Rb6 Kc5 43.Rb7 Na5 44.Rxg7 Nc4 45.Rxh7 d3 46.Rd7 Kb4 47.
g4 Kc3 48.gxf5 e3+ 49.Kf3 Kd2 50.Ra7 e2 51.Ra2+ Kd1 52.Ra1+ Kd2 53.Ra2+ 
Kd1 54.Ra1+ Kd2 55.Ra2+ Kd1 56.Ra1+ Kd2 1/2-1/2

[Event "56th World U20 ch"]
[Site "Tarvisio ITA"]
[Date "2017.11.19"]
[Round "6.18"]
[White "Petrov, Martin"]
[Black "Svane, Rasmus"]
[Result "1/2-1/2"]
[WhiteElo "2431"]
[BlackElo "2587"]
[EventDate "2017.11.13"]
[PlyCount "148"]

1.e4 e6 2.d4 d5 3.Nd2 Be7 4.Bd3 c5 5.dxc5 Nf6 6.Qe2 O-O 7.Ngf3 a5 8.O-O 
Na6 9.e5 Nd7 10.c4 Naxc5 11.Bc2 dxc4 12.a4 Nb3 13.Nxb3 cxb3 14.Bxb3 b6 15.
Bc4 Bb7 16.Bf4 Rc8 17.Rac1 Rc5 18.Rfd1 Qc7 19.Bb5 Rd8 20.Rxc5 Nxc5 21.
Rxd8+ Qxd8 22.Be3 h6 23.Qd2 Bd5 24.Bxc5 bxc5 25.Qc3 Qc7 26.Nd2 Bg5 27.Nc4 
Bxc4 28.Bxc4 Bf4 29.g3 Bxe5 30.Qd2 Bd4 31.b3 Kh7 32.Qd3+ g6 33.Qe4 Kg7 34.
Kg2 Qd8 35.Qd3 Qe7 36.Qe4 h5 37.Qf3 e5 38.Qd5 e4 39.f3 exf3+ 40.Qxf3 Bf6 
41.Qd5 Bc3 42.Qf3 Bd4 43.Qd5 f5 44.Qe6 Qf8 45.Bd5 Kh6 46.Bc6 Qd8 47.Be8 
Qg5 48.h4 Qg4 49.Bf7 Kg7 50.Be8 Bf6 51.Kh2 Kh6 52.Qxf6 Qe2+ 53.Kh3 Qf1+ 
54.Kh2 Qf2+ 55.Kh3 Qf1+ 56.Kh2 Qe2+ 57.Kh3 Qxe8 58.Qc3 f4 59.Qd2 Qe6+ 60.
Kh2 Qxb3 61.Qxf4+ Kg7 62.Qc7+ Kf6 63.Qd6+ Qe6 64.Qf8+ Qf7 65.Qd6+ Qe6 66.
Qf8+ Qf7 67.Qd6+ Kg7 68.Qxc5 Qa2+ 69.Kg1 Qa1+ 70.Kh2 Qa2+ 71.Kg1 Qxa4 72.
Qe7+ Kg8 73.Qe6+ Kg7 74.Qe7+ Kg8 1/2-1/2

[Event "56th World U20 ch"]
[Site "Tarvisio ITA"]
[Date "2017.11.19"]
[Round "6.19"]
[White "Peng Xiongjian"]
[Black "Narayanan, Sunilduth Lyna"]
[Result "1/2-1/2"]
[WhiteElo "2412"]
[BlackElo "2585"]
[EventDate "2017.11.13"]
[PlyCount "126"]

1.d4 Nf6 2.c4 g6 3.Nf3 Bg7 4.g3 c5 5.Bg2 Qa5+ 6.Nbd2 cxd4 7.O-O O-O 8.Nxd4
d6 9.N2f3 Bd7 10.Bd2 Qb6 11.Qb3 Qxb3 12.axb3 Nc6 13.Bc3 Rfc8 14.Nd2 Ne8 
15.Nc2 a6 16.Ne3 Nc7 17.Rfd1 Rd8 18.Nf3 Rab8 19.Ne1 Be8 20.N1c2 Rdc8 21.
Bxg7 Kxg7 22.b4 Ne6 23.b3 Nc7 24.h4 f5 25.Rd2 Ne5 26.Nd4 Nc6 27.Ndc2 b5 
28.Bxc6 Bxc6 29.c5 dxc5 30.bxc5 b4 31.Nd4 Be8 32.f4 Rd8 33.Kf2 Kf8 34.Nc4 
Kg8 35.Ne5 Ne6 36.Ke3 Nxc5 37.Rc2 Rxd4 38.Rxc5 Rd6 39.Rac1 Bf7 40.Rc7 Re8 
41.Rb7 a5 42.Rc5 Ra6 43.Nxf7 Kxf7 44.Kf3 Rd8 45.Re5 Re8 46.Kf2 $11 Kf6 47.
Kf3 h6 48.Kf2 h5 49.Kf3 e6 50.Rc5 Re7 51.Rbb5 Rea7 52.Ke3 Rd7 53.Kf2 Rd5 
54.Rxd5 exd5 55.Rxd5 Rc6 56.Rxa5 Rc3 57.Ra6+ Kg7 58.Ra7+ Kh6 59.Rb7 Rxb3 
60.Kg2 Rb2 61.Kf3 Rb1 62.Kf2 b3 63.Kg2 Rb2 $11 1/2-1/2

[Event "56th World U20 ch"]
[Site "Tarvisio ITA"]
[Date "2017.11.19"]
[Round "6.20"]
[White "Boruchovsky, Avital"]
[Black "Vykouk, Jan"]
[Result "1-0"]
[WhiteElo "2565"]
[BlackElo "2430"]
[EventDate "2017.11.13"]
[PlyCount "147"]

1.e4 e6 2.d4 d5 3.Nc3 dxe4 4.Nxe4 Nd7 5.Nf3 Ngf6 6.Bg5 Be7 7.Bxf6 Nxf6 8.
Bd3 O-O 9.Nxf6+ Bxf6 10.h4 Re8 11.Qe2 Qd5 12.c3 Bd7 13.Be4 Qa5 14.O-O-O 
Qxa2 15.Bb1 Qa1 16.Qe4 g6 17.Ne5 Bxe5 18.dxe5 Ba4 19.Rd4 Bb3 20.h5 Ba2 21.
Kc2 Bxb1+ 22.Rxb1 Qa5 23.Rbd1 Qc5 24.Qf4 Qf8 25.Qf6 Re7 26.g4 Rae8 27.g5 
gxh5 28.Kc1 Qg7 29.f3 b6 30.Rd8 Qf8 31.R8d2 Qg7 32.Kb1 Qg6+ 33.Ka2 Qg7 34.
c4 a5 35.Kb3 Qf8 36.Ka2 Qg7 37.Rd4 Qg6 38.R1d2 Qg7 39.Rh2 Qg6 40.Rh1 a4 
41.Rhd1 c6 $11 42.Ka3 b5 43.c5 Rc7 44.R4d3 Rec8 45.R1d2 Rf8 46.Kb4 Rcc8 
47.Ka3 Rb8 48.Rd7 h4 49.Ka2 Ra8 50.R2d3 b4 51.R7d4 h3 52.Qxg6+ hxg6 53.f4 
Kg7 54.Rxh3 Rfb8 55.Rd6 Ra6 56.Rh2 Rc8 57.Rd7 Raa8 58.f5 exf5 59.e6 Rf8 
60.Rhd2 Rae8 61.R2d6 f4 62.Rxc6 f3 63.e7 Rh8 64.Rf6 Rh1 65.c6 a3 66.Rxf3 
Rh2 67.Rb3 Ra8 68.Rd8 Ra5 69.Rg8+ Kxg8 70.e8=Q+ Kg7 71.Qd8 Ra6 72.Qf6+ Kg8
73.c7 axb2+ 74.Qxa6 1-0

[Event "56th World U20 ch"]
[Site "Tarvisio ITA"]
[Date "2017.11.19"]
[Round "6.21"]
[White "Bakhmatsky, Vladislav"]
[Black "Vaibhav, Suri"]
[Result "1/2-1/2"]
[WhiteElo "2404"]
[BlackElo "2560"]
[EventDate "2017.11.13"]
[PlyCount "92"]

1.e4 e6 2.d4 d5 3.Nd2 c5 4.exd5 Qxd5 5.dxc5 Nf6 6.Ngf3 Qxc5 7.Bd3 Nbd7 8.
O-O Qc7 9.a4 Nc5 10.Bb5+ Bd7 11.Qe2 a6 12.Bxd7+ Ncxd7 13.Nc4 Be7 14.a5 O-O
15.b3 Nd5 16.Bb2 Bf6 17.Nfe5 Nxe5 18.Bxe5 Bxe5 19.Qxe5 Qxe5 20.Nxe5 Nc3 
21.Rfe1 Rfd8 22.Nc4 Rd4 23.g3 Rad8 24.Re3 Nb5 25.Kg2 g5 26.Rc1 Kf8 27.Ne5 
Rd1 28.Rxd1 Rxd1 29.Rf3 f5 30.g4 Rd5 31.Nc4 Nd4 32.Rh3 Kg7 33.gxf5 Nxf5 
34.Rd3 Rxd3 35.cxd3 Kf6 36.b4 g4 37.f3 h5 38.fxg4 hxg4 39.Kf2 e5 40.Ne3 
Nxe3 41.Kxe3 Kf5 42.Kf2 Kf4 43.Ke2 Kg5 44.Kf2 Kf4 45.Ke2 Kg5 46.Kf2 Kf4 
1/2-1/2

[Event "56th World U20 ch"]
[Site "Tarvisio ITA"]
[Date "2017.11.19"]
[Round "6.22"]
[White "Acosta, Pablo Ismael"]
[Black "Bai Jinshi"]
[Result "0-1"]
[WhiteElo "2402"]
[BlackElo "2553"]
[EventDate "2017.11.13"]
[PlyCount "63"]

1.d4 Nf6 2.Nf3 g6 3.Bg5 Bg7 4.Nbd2 O-O 5.e3 d6 6.a4 c5 7.Be2 h6 8.Bxf6 
Bxf6 9.O-O Nc6 10.c3 cxd4 11.exd4 e5 12.dxe5 dxe5 13.Bb5 Bg7 14.Re1 Qc7 
15.Nc4 Rd8 16.Qe2 f6 17.Ne3 Be6 18.Bc4 Qf7 19.Bxe6 Qxe6 20.Qb5 e4 21.Nd4 
Nxd4 22.cxd4 f5 23.d5 Qb6 24.Re2 Qxb5 25.axb5 Rac8 26.g3 Rc5 27.Rd1 Rxb5 
28.Red2 Bxb2 29.h4 Bc1 30.Ra2 Bxe3 31.fxe3 Kf8 32.Rc1 0-1

[Event "56th World U20 ch"]
[Site "Tarvisio ITA"]
[Date "2017.11.19"]
[Round "6.23"]
[White "Begmuratov, Alisher"]
[Black "Ladva, Ottomar"]
[Result "1-0"]
[WhiteElo "2401"]
[BlackElo "2543"]
[EventDate "2017.11.13"]
[PlyCount "69"]

1.e4 c5 2.Nf3 e6 3.d4 cxd4 4.Nxd4 Nc6 5.Nc3 Qc7 6.Be3 a6 7.Qf3 Bd6 8.O-O-O
Be5 9.g3 Nge7 10.Qe2 b5 11.Qd2 O-O 12.f4 Bxd4 13.Bxd4 Nxd4 14.Qxd4 Rd8 15.
Bh3 Bb7 16.Rd2 Bc6 17.Rhd1 Qb7 18.Qb4 Nc8 19.f5 Re8 20.f6 gxf6 21.Nd5 Bxd5
22.exd5 Nb6 23.Qg4+ Kh8 24.Qh4 Kg7 25.Rf1 f5 26.g4 f4 27.Rxf4 d6 28.g5 
Nxd5 29.Qh6+ Kh8 30.Rh4 f5 31.gxf6 Rf8 32.Rf2 Qa7 33.Bxe6 Qe3+ 34.Qxe3 
Nxe3 35.Re4 {... 51 moves} 1-0

[Event "56th World U20 ch"]
[Site "Tarvisio ITA"]
[Date "2017.11.19"]
[Round "6.24"]
[White "Kantor, Gergely"]
[Black "Mohammad, Nubairshah Shaikh"]
[Result "1-0"]
[WhiteElo "2514"]
[BlackElo "2394"]
[EventDate "2017.11.13"]
[PlyCount "54"]

1.Nf3 Nf6 2.c4 g6 3.Nc3 Bg7 4.e4 d6 5.d4 O-O 6.Be2 Na6 7.O-O e5 8.Be3 c6 
9.d5 Ng4 10.Bg5 f6 11.Bh4 c5 12.Ne1 h5 13.Nc2 Nh6 14.f3 g5 15.Be1 f5 16.
exf5 Bxf5 17.Bd3 Qd7 18.Bxf5 Nxf5 19.Ne4 Nd4 20.Bd2 g4 21.fxg4 Rxf1+ 22.
Kxf1 Qf7+ 23.Kg1 Qg6 24.Nxd4 Qxe4 25.Ne6 hxg4 26.Qb3 Nb4 27.a3 Qd3 {... 39
moves} 1-0

[Event "56th World U20 ch"]
[Site "Tarvisio ITA"]
[Date "2017.11.19"]
[Round "6.25"]
[White "Triapishko, Alexander"]
[Black "Sidhant, Mohapatra"]
[Result "1-0"]
[WhiteElo "2508"]
[BlackElo "2371"]
[EventDate "2017.11.13"]
[PlyCount "97"]

1.e4 c5 2.Nf3 d6 3.d4 cxd4 4.Nxd4 Nf6 5.Nc3 a6 6.Qf3 g6 7.h3 Bg7 8.Be3 O-O
9.O-O-O Nc6 10.g4 Bd7 11.Nxc6 bxc6 12.Bc4 Qa5 13.Qe2 Rab8 14.Bb3 Be6 15.
Rd4 Rb4 16.Rxb4 Qxb4 17.Bd2 Qb7 18.Bxe6 fxe6 19.e5 dxe5 20.g5 Rb8 21.b3 
Nd5 22.Ne4 Nf4 23.Qc4 Rd8 24.Be3 a5 25.a4 Rd5 26.h4 Qd7 27.f3 Qe8 28.Rh2 
Qd7 29.Rd2 h5 30.b4 axb4 31.a5 c5 32.a6 Qa4 33.Kb1 Ne2 34.Rxd5 exd5 35.
Qxd5+ Kh7 36.Qa2 Qd7 37.a7 Qd1+ 38.Kb2 Nc3 39.Qa1 Qxf3 40.a8=Q Qxe3 41.Qh1
c4 42.Qb7 Qd4 43.Nxc3 Qxc3+ 44.Kc1 b3 45.Qhe4 Qa1+ 46.Kd2 c3+ 47.Ke2 b2 
48.Qbc6 Bf6 49.Qe6 1-0

[Event "56th World U20 ch"]
[Site "Tarvisio ITA"]
[Date "2017.11.19"]
[Round "6.26"]
[White "Moroni, Luca jr"]
[Black "Kumar, Gaurav"]
[Result "1-0"]
[WhiteElo "2506"]
[BlackElo "2297"]
[EventDate "2017.11.13"]
[PlyCount "83"]

1.c4 e5 2.Nc3 Bb4 3.Nd5 Bc5 4.Nf3 c6 5.Nc3 d6 6.g3 Nf6 7.d3 h6 8.Bg2 O-O 
9.O-O Re8 10.d4 exd4 11.Nxd4 a5 12.b3 Nbd7 13.Na4 Nf8 14.Bb2 Ba7 15.Qc2 
Bd7 16.Rad1 Qc8 17.e4 b5 18.Nc3 bxc4 19.bxc4 g6 20.Qd2 Kh7 21.Qf4 Qd8 22.
Qxd6 Qb8 23.Ba3 Qxd6 24.Bxd6 Ng4 25.c5 Ne6 26.Nb3 Nf6 27.e5 Ng8 28.Na4 Ne7
29.Bxe7 Rxe7 30.Rxd7 Rxd7 31.Bxc6 Rad8 32.Bxd7 Rxd7 33.Rc1 Rc7 34.Kg2 Kg7 
35.c6 Bb8 36.f4 f6 37.exf6+ Kxf6 38.Nac5 Nxc5 39.Nxc5 Ba7 40.Na6 Rc8 41.c7
Bd4 42.Rd1 1-0

[Event "56th World U20 ch"]
[Site "Tarvisio ITA"]
[Date "2017.11.19"]
[Round "6.27"]
[White "Basso, Pierluigi"]
[Black "Krishna Teja, N."]
[Result "1-0"]
[WhiteElo "2470"]
[BlackElo "2363"]
[EventDate "2017.11.13"]
[PlyCount "85"]

1.d4 Nf6 2.c4 e6 3.Nf3 b6 4.g3 Bb7 5.Bg2 Be7 6.O-O O-O 7.Nc3 Ne4 8.Bd2 c5 
9.d5 exd5 10.cxd5 Nxc3 11.Bxc3 Bf6 12.e4 d6 13.Re1 Nd7 14.Nd2 b5 15.f4 Re8
16.Nf3 b4 17.Bxf6 Qxf6 18.Qd2 Nb6 19.Rad1 Rad8 20.b3 a5 21.g4 Qg6 22.g5 
Rxe4 23.Nh4 Rxe1+ 24.Rxe1 Qh5 25.Qe3 Rf8 26.Nf5 Qg4 27.Qe4 Nc8 28.h3 Qh5 
29.Bf3 Qg6 30.Bg4 h5 31.gxh6 gxh6 32.Kh1 Kh8 33.Rg1 Rg8 34.Rg2 Nb6 $11 35.
Bf3 Qh7 36.Rxg8+ Qxg8 37.Nxd6 Bxd5 38.Qe5+ Qg7 39.Qe8+ Qg8 40.Qe5+ Qg7 41.
Qe8+ Qg8 $11 42.Qe3 f6 43.Nf5 {... 45 moves} 1-0

[Event "56th World U20 ch"]
[Site "Tarvisio ITA"]
[Date "2017.11.19"]
[Round "6.28"]
[White "Macovei, Andrei"]
[Black "Morozov, Nichita"]
[Result "1/2-1/2"]
[WhiteElo "2343"]
[BlackElo "2467"]
[EventDate "2017.11.13"]
[PlyCount "39"]

1.e4 e5 2.Nf3 Nc6 3.Bb5 a6 4.Bxc6 dxc6 5.O-O Bg4 6.h3 h5 7.c3 Qd3 8.hxg4 
hxg4 9.Nxe5 Bd6 10.Nxd3 Bh2+ 11.Kh1 Bg3+ 12.Kg1 Bh2+ 13.Kh1 Bg3+ 14.Kg1 
Bh2+ 15.Kh1 Bg3+ 16.Kg1 Bh2+ 17.Kh1 Bg3+ 18.Kg1 Bh2+ 19.Kh1 Bg3+ 20.Kg1 
1/2-1/2

[Event "56th World U20 ch"]
[Site "Tarvisio ITA"]
[Date "2017.11.19"]
[Round "6.29"]
[White "Xu Yining"]
[Black "Kobo, Ori"]
[Result "0-1"]
[WhiteElo "2321"]
[BlackElo "2460"]
[EventDate "2017.11.13"]
[PlyCount "76"]

1.e4 g6 2.d4 Bg7 3.Nc3 d6 4.Be3 a6 5.f4 b5 6.Nf3 Bb7 7.Bd3 Nd7 8.e5 c5 9.
Be4 Bxe4 10.Nxe4 Nh6 11.dxc5 Ng4 12.Bg1 dxe5 13.h3 Ngf6 14.Nxf6+ exf6 15.
Qd6 Bf8 16.Qc6 Bxc5 17.Bxc5 Rc8 18.Qxa6 Rxc5 19.O-O-O Qc7 20.Kb1 Nb6 21.
fxe5 O-O 22.Qa3 Rxc2 23.Nd4 Nc4 24.Qxf8+ Kxf8 25.Nxc2 Qxe5 26.Rd4 Qe2 27.
Rhd1 Qxg2 28.Rd5 Qxh3 29.Rxb5 Qf3 30.Rbd5 h5 31.R5d3 Qe2 32.b3 Ne5 33.R3d2
Qf3 34.Kb2 h4 35.Nd4 Qb7 36.Rc2 h3 37.a4 Ng4 38.Re1 Qd5 0-1

[Event "56th World U20 ch"]
[Site "Tarvisio ITA"]
[Date "2017.11.19"]
[Round "6.30"]
[White "Willathgamuwa, Kevin"]
[Black "Lobanov, Sergei"]
[Result "0-1"]
[WhiteElo "1996"]
[BlackElo "2435"]
[EventDate "2017.11.13"]
[PlyCount "80"]

1.e4 g6 2.d4 Bg7 3.Nf3 d6 4.h3 Nf6 5.Bd3 a6 6.O-O O-O 7.c3 Nbd7 8.Be3 c5 
9.Nbd2 b6 10.b4 Qc7 11.Qb3 Bb7 12.d5 Rfc8 13.Rab1 c4 14.Nxc4 Nxd5 15.Bd2 
N5f6 16.Ne3 e6 17.Qc2 d5 18.exd5 Nxd5 19.Nxd5 Bxd5 20.Be4 Nf6 21.Bxd5 Nxd5
22.Rfc1 Nxc3 23.Qd3 Qc4 24.Qxc4 Rxc4 25.Bxc3 Rxc3 26.Rxc3 Bxc3 27.Rb3 Rc8 
28.Kf1 e5 29.Ke2 f5 30.Nd2 Kf7 31.Nf1 Bd4 32.Ra3 Rc2+ 33.Ke1 Rxf2 34.g3 
Rb2 35.Rxa6 Ke6 36.Ra7 Kd5 37.Rxh7 Ke4 38.Rc7 Kd3 39.Rc1 Bc3+ 40.Kd1 Rf2 
0-1

[Event "56th World U20 ch"]
[Site "Tarvisio ITA"]
[Date "2017.11.19"]
[Round "6.31"]
[White "Pichot, Alan"]
[Black "Doluweera, Minul Sanjula"]
[Result "1-0"]
[WhiteElo "2568"]
[BlackElo "2154"]
[EventDate "2017.11.13"]
[PlyCount "107"]

1.e4 c6 2.d4 d5 3.Nc3 dxe4 4.Nxe4 Bf5 5.Ng3 Bg6 6.h4 h6 7.Nf3 e6 8.h5 Bh7 
9.Bd3 Bxd3 10.Qxd3 Nf6 11.Bd2 c5 12.O-O-O Nc6 13.Be3 Qa5 14.Qb3 O-O-O 15.
Kb1 Qb4 16.Qxb4 cxb4 17.Ne5 Nxe5 18.dxe5 Nd5 19.Bc1 Be7 20.Rd4 Rhe8 21.Rg4
Bf8 22.Ne4 Rd7 23.Rd1 Red8 24.Rd3 Nb6 25.Nd6+ Bxd6 26.Rxd6 f5 27.Rg6 Nc4 
28.Rxd7 Rxd7 29.Rxe6 Nd2+ 30.Ka1 Ne4 31.b3 Rd1 32.Kb2 Nc3 33.Rd6 Rxd6 34.
exd6 Nd1+ 35.Kb1 Nxf2 36.Bb2 Ne4 37.Bxg7 Ng3 38.Bxh6 Nxh5 39.Be3 Kd7 40.
Bxa7 Kxd6 41.Kc1 Kd5 42.Bb8 Ke4 $11 43.Kd2 Nf4 44.g3 Nh5 45.Ke2 Kd4 46.Bd6
Kc3 47.Kd1 Kb2 48.Be5+ Kb1 49.Kd2 b5 50.Bd6 Kxa2 51.Kc1 f4 52.Bxf4 Nf6 53.
Be5 Ng4 54.Bd6 1-0

[Event "56th World U20 ch"]
[Site "Tarvisio ITA"]
[Date "2017.11.19"]
[Round "6.32"]
[White "Van Foreest, Jorden"]
[Black "Haria, Ravi"]
[Result "1-0"]
[WhiteElo "2616"]
[BlackElo "2364"]
[EventDate "2017.11.13"]
[PlyCount "91"]

1.e4 e6 2.d4 d5 3.Nd2 Nc6 4.Ngf3 Nf6 5.e5 Nd7 6.Be2 Be7 7.O-O O-O 8.Re1 f6
9.exf6 Bxf6 10.c3 e5 11.Qb3 Nb6 12.a4 a5 13.dxe5 Nxe5 14.Nxe5 Bxe5 15.Nf3 
Bd6 16.Bg5 Be7 17.Be3 Kh8 18.Bxb6 cxb6 19.Nd4 Bd6 20.Bf3 Qh4 21.g3 Qf6 22.
Qxb6 Ra6 23.Qb5 Be5 24.Ra3 h6 25.Qxd5 Bxd4 26.cxd4 Rd6 27.Qe5 Re6 28.Qxa5 
Qg5 29.Qb4 Ref6 30.Ree3 Bh3 31.Qe1 Bg4 32.Bxg4 Qxg4 33.Re4 Qh3 34.Re2 Qd7 
35.Qd1 Qd5 36.Rae3 h5 37.h4 R6f7 38.Qd2 Kg8 39.Re5 Qf3 40.Re8 Qc6 41.Rxf8+
Rxf8 42.b3 Rd8 43.Re5 Qf3 44.Qe3 Qd1+ 45.Kg2 Rxd4 46.Rxh5 1-0

[Event "56th World U20 ch"]
[Site "Tarvisio ITA"]
[Date "2017.11.19"]
[Round "6.33"]
[White "Dimic, Pavle"]
[Black "Sanal, Vahap"]
[Result "0-1"]
[WhiteElo "2357"]
[BlackElo "2557"]
[EventDate "2017.11.13"]
[PlyCount "70"]

1.d4 d6 2.Nf3 Nf6 3.g3 g6 4.Bg2 Bg7 5.O-O O-O 6.c4 Nc6 7.Nc3 a6 8.b3 Bf5 
9.Bg5 h6 10.Be3 e5 11.dxe5 Ng4 12.Bd2 dxe5 13.h3 Nf6 14.Qc1 g5 15.Rd1 Nd7 
16.g4 Be6 17.Be3 Qe8 18.Nd2 f5 19.gxf5 Bxf5 20.Nde4 Nd4 21.Ng3 Be6 22.Kh2 
c6 23.Nce4 Rf4 24.Nd6 Qe7 25.c5 Rh4 26.Kg1 Rf8 27.Nxb7 Nf6 28.Na5 Nd5 29.
Nxc6 Qc7 30.Nxd4 exd4 31.Bxg5 hxg5 32.Bxd5 Bxd5 33.Qxg5 Qf7 34.Nf5 Qxf5 
35.Qxh4 d3 0-1

[Event "56th World U20 ch"]
[Site "Tarvisio ITA"]
[Date "2017.11.19"]
[Round "6.34"]
[White "Tahay, Alexis"]
[Black "Kevlishvili, Robby"]
[Result "0-1"]
[WhiteElo "2285"]
[BlackElo "2445"]
[EventDate "2017.11.13"]
[PlyCount "72"]

1.e4 e5 2.Nf3 Nc6 3.Bb5 a6 4.Ba4 Nf6 5.O-O Be7 6.Re1 b5 7.Bb3 d6 8.c3 O-O 
9.h3 Nb8 10.d3 Nbd7 11.Nbd2 Bb7 12.Nf1 Nc5 13.Bc2 Re8 14.Ng3 Bf8 15.Nh2 
Ne6 16.Ng4 Nxg4 17.Qxg4 g6 18.Qf3 Bg7 19.a4 Qe7 20.Qe3 c6 21.Ne2 d5 22.
exd5 cxd5 23.axb5 axb5 24.Rxa8 Bxa8 25.Qb6 Qd7 26.Bd2 Bf8 27.d4 Bc6 28.Be3
Bd6 29.Ra1 Bc7 30.Qa6 e4 31.Qa2 f5 32.Qb1 f4 33.Bd2 f3 34.gxf3 exf3 35.Ng3
Bxg3 36.fxg3 Nxd4 0-1

[Event "56th World U20 ch"]
[Site "Tarvisio ITA"]
[Date "2017.11.19"]
[Round "6.35"]
[White "Zuo Yifan"]
[Black "Zhu Yi"]
[Result "1/2-1/2"]
[WhiteElo "2346"]
[BlackElo "2432"]
[EventDate "2017.11.13"]
[PlyCount "144"]

1.d4 d6 2.Nf3 Bg4 3.g3 Bxf3 4.exf3 d5 5.Bg2 e6 6.f4 Nf6 7.O-O Be7 8.Nd2 
O-O 9.Re1 Nbd7 10.Nf3 c5 11.c3 Rc8 12.Be3 Qb6 13.Qb3 Rfd8 14.Ne5 Nxe5 15.
fxe5 Nd7 16.Bf1 Nb8 17.dxc5 Bxc5 18.Qxb6 axb6 19.Bg5 Rd7 20.Bb5 Rdc7 21.
Rad1 Nc6 22.Kg2 Na7 23.a4 h6 24.Bd2 Ra8 25.Bd3 Nc6 26.Bb5 Na7 27.Bd3 Nc6 
28.Bb5 Rcc8 29.b3 Be7 30.c4 dxc4 31.Bxc4 Rd8 32.Bc3 Bb4 33.Bxb4 Nxb4 34.
Be2 Kf8 35.Bf3 Nd3 36.Re3 Nc5 37.b4 Nxa4 38.Ra1 Rd4 39.Rb3 Ra7 40.Bxb7 
Rxb7 41.Rxa4 g5 42.Ra8+ Kg7 43.Rc8 b5 44.Rc5 Kg6 45.h3 h5 46.Rc8 Kf5 47.
Rg8 Rd5 48.Re3 Rd4 49.Rf3+ Kxe5 50.Rxg5+ f5 51.Re3+ Kd5 52.Rxh5 Rxb4 53.
Rh8 Re4 54.Rd8+ Kc4 55.Rc8+ Kb4 56.Rxe4+ fxe4 57.h4 Ka3 58.g4 b4 59.Ra8+ 
Kb2 60.g5 b3 61.g6 Kc3 62.Ra1 Kd4 63.Kg3 Ke5 64.Kg4 Kf6 65.h5 Rb4 66.Kf4 
Rb5 67.Rb1 Rxh5 68.Rxb3 Rh4+ 69.Kg3 Rh1 70.Kf4 Rh4+ 71.Kg3 Rh1 72.Kf4 Rh4+
1/2-1/2

[Event "56th World U20 ch"]
[Site "Tarvisio ITA"]
[Date "2017.11.19"]
[Round "6.36"]
[White "De Vleeschauwer, Maarten"]
[Black "Vrolijk, Liam"]
[Result "0-1"]
[WhiteElo "2139"]
[BlackElo "2425"]
[EventDate "2017.11.13"]
[PlyCount "80"]

1.e4 c6 2.d4 d5 3.exd5 cxd5 4.Bf4 Nc6 5.c3 f6 6.Bd3 e5 7.Qh5+ g6 8.Bxg6+ 
hxg6 9.Qxh8 exf4 10.Qxg8 Bf5 11.Qh7 Qb6 12.Nf3 Qxb2 13.O-O Qxa1 14.Qxb7 
Rc8 15.Nh4 Bd7 16.Qb3 Rb8 17.Qxd5 Ne7 18.Qe4 g5 19.Re1 gxh4 20.Nd2 Qxc3 
21.Qg6+ Kd8 22.Qxf6 Qxd2 23.Qxf8+ Kc7 24.Qxe7 Rb5 25.Qe4 h3 26.a4 Rb6 27.
Qe5+ Kc8 28.a5 Rb5 29.Qe4 Kc7 30.a6 hxg2 31.f3 Rd5 32.Qxd5 Qxe1+ 33.Kxg2 
Qe2+ 34.Kg1 Qxa6 35.Qc5+ Kb7 36.Qe5 Qa1+ 37.Kf2 Qb2+ 38.Kg1 Qc1+ 39.Kf2 
Qd2+ 40.Kg1 Qe3+ 0-1

[Event "56th World U20 ch"]
[Site "Tarvisio ITA"]
[Date "2017.11.19"]
[Round "6.37"]
[White "Peng Hongchi"]
[Black "Rakotomaharo, Fy Antenaina"]
[Result "1/2-1/2"]
[WhiteElo "2223"]
[BlackElo "2414"]
[EventDate "2017.11.13"]
[PlyCount "61"]

1.e4 e5 2.Nf3 Nc6 3.Bc4 Nf6 4.Ng5 d5 5.exd5 Na5 6.Bb5+ c6 7.dxc6 bxc6 8.
Bd3 Bc5 9.O-O O-O 10.Nc3 h6 11.Nge4 Nxe4 12.Nxe4 Bd4 13.Ng3 f5 14.Qh5 Qf6 
15.c3 Bb6 16.b4 Nb7 17.a4 a5 18.b5 Nc5 19.Bc2 cxb5 20.axb5 e4 21.Ba3 g5 
22.Bxc5 Bxc5 23.Bxe4 fxe4 24.Nxe4 Qb6 25.Nxc5 Qxc5 26.Qg6+ Kh8 27.Qxh6+ 
Kg8 28.Qg6+ Kh8 29.Qh6+ Kg8 30.Qg6+ Kh8 31.Qh6+ 1/2-1/2

[Event "56th World U20 ch"]
[Site "Tarvisio ITA"]
[Date "2017.11.19"]
[Round "6.38"]
[White "Nikolovski, Nikola"]
[Black "Urazayev, Arystanbek"]
[Result "1-0"]
[WhiteElo "2412"]
[BlackElo "2349"]
[EventDate "2017.11.13"]
[PlyCount "71"]

1.e4 e5 2.Nf3 Nc6 3.d4 exd4 4.Nxd4 Bc5 5.Nxc6 Qf6 6.Qf3 bxc6 7.Nd2 Qxf3 8.
gxf3 Ne7 9.Nb3 Bb6 10.c4 c5 11.Rg1 O-O 12.Bd2 d6 13.h4 f5 14.Bc3 Rf7 15.h5
Be6 16.Bd3 Re8 17.O-O-O f4 18.a4 a6 19.a5 Ba7 20.Rg2 Nc6 21.Rdg1 Nd4 22.
Nxd4 cxd4 23.Bd2 Kh8 24.Kc2 c5 25.Rb1 Bd7 26.Rh2 Bb8 27.Rh4 Bc7 28.Be2 Rg8
29.b4 Ba4+ 30.Kc1 cxb4 31.Rxb4 Bc6 32.Rb2 h6 33.Kc2 Bd8 34.Rh1 Be7 35.Bd3 
Re8 36.Rh4 {... 51 moves} 1-0

[Event "56th World U20 ch"]
[Site "Tarvisio ITA"]
[Date "2017.11.19"]
[Round "6.39"]
[White "Keymer, Vincent"]
[Black "Brazdzionis, Andrius"]
[Result "1-0"]
[WhiteElo "2405"]
[BlackElo "2322"]
[EventDate "2017.11.13"]
[PlyCount "65"]

1.d4 Nf6 2.c4 e6 3.Nc3 d5 4.cxd5 Nxd5 5.e4 Nxc3 6.bxc3 c5 7.Rb1 cxd4 8.
cxd4 Be7 9.Bc4 O-O 10.Ne2 Nc6 11.O-O b6 12.Bb2 Bb7 13.Ng3 Rc8 14.d5 Na5 
15.Bd3 Bf6 16.Qg4 Bxb2 17.Rxb2 f5 18.exf5 Qxd5 19.Nh5 Rc7 20.Qg3 exf5 21.
Rb5 f4 22.Nxf4 Qd6 23.Ne6 Qxg3 24.hxg3 Rc3 25.Nxf8 Rxd3 26.Ne6 Rd2 27.Rf5 
h6 28.Rc1 Re2 29.Nd8 Rxa2 30.Rc7 Be4 31.Rff7 Rd2 32.Rxg7+ Kh8 33.Ne6 1-0